K-POP GIRL GROUPS - Statistics

General Stats
  • This quiz has been taken 16 times
    9 since last reset
  • The average score is 43 of 158
Answer Stats
Hint Answer % Correct
B BLACKPINK
100%
B BABYMONSTER
89%
I ILLIT
89%
I IVE
89%
K K/DA
89%
N NMIXX
89%
A aespa
78%
G Girls' Generation
78%
I i-dle
78%
L LOONA
78%
N NewJeans
78%
T TWICE
78%
H Hearts2Hearts
67%
I ITZY
67%
M MAMAMOO
67%
# 2ne1
56%
A ARTMS
56%
B Brown Eyed Girls
56%
D Dreamcatcher
56%
F FIFTY FIFTY
56%
K Kep1er
56%
L LE SSERAFIM
56%
R Red Velvet
56%
T tripleS
56%
W WJSN
56%
# 4MINUTE
44%
A Apink
44%
B Billlie
44%
D Dal Shabet
44%
F f(x)
44%
G GFriend
44%
G Girl's Day
44%
G GWSN
44%
K KARA
44%
K KiiiKiii
44%
K KISS OF LIFE
44%
L Loossemble
44%
M MEOVV
44%
P PURPLE KISS
44%
T TRI.BE
44%
U UNIS
44%
W Weeekly
44%
W Weki Meki
44%
W WONDER GIRLS
44%
A AFTER SCHOOL
33%
A AOA
33%
B Black Swan
33%
C Cherry Bullet
33%
E EVERGLOW
33%
F FIESTAR
33%
F fromis_9
33%
G Gugudan
33%
H H1-KEY
33%
I I.O.I
33%
I izna
33%
I IZ*ONE
33%
L LAPILLUS
33%
M mimiirose
33%
M Miss A
33%
M MOMOLAND
33%
Q QWER
33%
R Rainbow
33%
S S.E.S
33%
S SISTAR
33%
S STAYC
33%
U UNCHILD
33%
V VIVIZ
33%
X X:IN
33%
Y YOUNG POSSE
33%
# 3YE
22%
# 9MUSES
22%
A ALICE
22%
A APRIL
22%
B BADVILLAIN
22%
B BBGIRLS
22%
B Berry Good
22%
B Brave Girls
22%
C CIGNATURE
22%
C CLASS:y
22%
C CLC
22%
C Crayon POP
22%
D Dream Note
22%
H HELLO VENUS
22%
L Laboum
22%
M Mamadol
22%
N Nature
22%
O OH MY GIRL
22%
P PinkFantasy
22%
P PIXY
22%
S SECRET
22%
T T-ARA
22%
A ADYA
11%
A Albume
11%
A AtHeart
11%
B Baby DONT Cry
11%
B Baby V.O.X
11%
B bugAboo
11%
B Busters
11%
B BVNDIT
11%
C CRAXY
11%
D DIA
11%
F FLORIA
11%
G Geenius
11%
G Girls Next Door
11%
G Girls On Top
11%
I ifeye
11%
I iii
11%
I ILY:1
11%
I IRRIS
11%
J JEWERLY
11%
K KIIRAS
11%
L Ladies' Code
11%
L LIGHTSUM
11%
M Maka Maka
11%
M MAVE:
11%
M MINX
11%
O OWIS
11%
P PRISTIN
11%
Q Queenz Eye
11%
R RaNia
11%
R Rocket Punch
11%
R Rolling Quartz
11%
S Saturday
11%
S Secret Number
11%
S SPICA
11%
S STELLAR
11%
V VVS
11%
V VVUP
11%
# 4X4
0%
A ARIAZ
0%
A ARTBEAT V
0%
B BEWAVE
0%
b BlingBling
0%
C CSR
0%
E EL7Z UP
0%
F FERRY BLUE
0%
G GIRLKIND
0%
H HITGS
0%
H HONEY POPCORN
0%
H HOT ISSUE
0%
I ICHILLIN'
0%
I I:mond
0%
K Kandis
0%
L LATENCY
0%
L Lovelyz
0%
M MADEIN
0%
M MAJORS
0%
O ODDYOUTH
0%
P PRIMROSE
0%
Q Q6IX
0%
R RESCENE
0%
R Rocking Doll
0%
S SAY MY NAME
0%
S Smile.G
0%
U UHSN
0%
W WA$$UP
0%
W We;Na
0%
W W!TCHX
0%
No matching quizzes found
Score Distribution
Percent of People with Each Score
Percentile by Number Answered
Your Score History
You have not taken this quiz since the last reset